000 01165nam a22002657a 4500
005 20110805114022.0
008 110805t xxu||||| |||| 00| 0 mar d
010 _aMAR-21193
020 _a9788184980073
_c110.00
035 _aMR-13851
037 _bDBAD/PUB
040 _aDPL
_bMR
082 _a891.46301
100 _aजोशी,व कृ
_931501
245 _aगुन्हा कबूल /
_bव कृ जोशी
246 _aGunaha kabul
_bby V K Joshi
260 _aपुणे
_bमेहता पब्लिशिंग हाऊस
_c2009
270 _a1941 सदाशिव पेठ,माडीवाले कॉलनी,
_bपुणे
_e411030
300 _a122पृ.
_c22सेमी(अजिल्द)
650 _aमराटी कथासंग्रह
_931642
650 _aMarahi Short Stories
_931643
700 _bगोखले,उज्ज्वला
_931655
942 _2ddc
_cMR
_h891.46301
_mजोशीव
999 _c54994
_d54994